000 00751nam a2200217 4500
003 LK-CoMWRAF
005 20240212165013.0
008 240212b2009 |||||||| |||| 00| 0 eng d
020 _a9789559669463
040 _aLK-CoMWRAF
_dLK-CoMWRAF
_eLK-CoMWRAF
041 _atam
082 _a923
_bABO
245 _aஏ.எம்.ஏ. ஆஸ்ஸ்:
_bபன்முகப் பார்வை
260 _aColombo:
_bDr. A.M.A. Azeez Foundation,
_c2009
300 _a86 p. photos.
650 _aEDUCATIONIST-Sri Lanka
700 _aஜெமீல், எஸ்.எச்.எம்
_y Jameel, S.H.M.
_eed.
700 _aமஜீத், மருதூர், ஏ.
_yMajeed, Maruthur, A.
_eed.
700 _aBegum, Safana, Gul
_etrans.
942 _cBK
999 _c4742
_d4742